South Eastern Kenya University

Library Online Public Access Catalogue


Intro stats (Record no. 8728)

MARC details
000 -LEADER
fixed length control field 00748cam a22002534a 4500
001 - CONTROL NUMBER
control field 13105966
003 - CONTROL NUMBER IDENTIFIER
control field OSt
005 - DATE AND TIME OF LATEST TRANSACTION
control field 20150908104933.0
008 - FIXED-LENGTH DATA ELEMENTS--GENERAL INFORMATION
fixed length control field 030227s2004 maua 001 0 eng
010 ## - LIBRARY OF CONGRESS CONTROL NUMBER
LC control number 2003044385
020 ## - INTERNATIONAL STANDARD BOOK NUMBER
International Standard Book Number 0201709104
040 ## - CATALOGING SOURCE
Original cataloging agency SEKU
042 ## - AUTHENTICATION CODE
Authentication code pcc
050 00 - LIBRARY OF CONGRESS CALL NUMBER
Classification number QA 276.12
Item number .D4 2004
100 1# - MAIN ENTRY--PERSONAL NAME
Personal name De Veaux, Richard D.
245 10 - TITLE STATEMENT
Title Intro stats
Statement of responsibility, etc. Richard D. De Veaux, Paul F. Velleman ; with contributions by David E. Bock.
260 ## - PUBLICATION, DISTRIBUTION, ETC. (IMPRINT)
Place of publication, distribution, etc. Boston :
Name of publisher, distributor, etc. Pearson/Addison-Wesley,
Date of publication, distribution, etc. c2004.
300 ## - PHYSICAL DESCRIPTION
Extent xxi, 567, 53 p. :
Other physical details col. ill., map ;
Dimensions 27 cm. +
Accompanying material 1 CD-ROM (4 3/4 in.)
500 ## - GENERAL NOTE
General note Includes index.
650 #0 - SUBJECT ADDED ENTRY--TOPICAL TERM
Topical term or geographic name as entry element Statistics.
700 1# - ADDED ENTRY--PERSONAL NAME
Personal name Velleman, Paul F.,
Dates associated with a name 1949-
700 1# - ADDED ENTRY--PERSONAL NAME
Personal name Bock, David E.
942 ## - ADDED ENTRY ELEMENTS (KOHA)
Source of classification or shelving scheme Library of Congress Classification
Koha item type General circulation
Holdings
Withdrawn status Lost status Source of classification or shelving scheme Damaged status Not for loan Home library Current library Shelving location Date acquired Source of acquisition Total Checkouts Full call number Barcode Date last seen Price effective from Koha item type Public note
    Library of Congress Classification     Wote Campus Library Wote Campus Library General Stacks 08/09/2015 Donation Books For Africa   QA 276.12 .D4 2004 2015/007156 08/09/2015 08/09/2015 General circulation amk
Kitui, Kenya.
+254736116989
library@seku.ac.ke